| 000 | 00903nam a2200229 a 4500 | ||
|---|---|---|---|
| 001 | 49432 | ||
| 003 | BD-RjUL | ||
| 005 | 20211209054659.0 | ||
| 008 | 160820s1991 bg ||||| |||| 00| 0 ben d | ||
| 020 | _c: Tk. 65.00 | ||
| 035 | _a(BD-RjUL)49551 | ||
| 040 |
_aBD-RjUL _bben _cBD-RjUL |
||
| 041 | _aben | ||
| 082 |
_223 _a891.4409 _bCHB 1991 |
||
| 100 |
_aচৌধুরী, সিরাজুল ইসলাম _9148385 |
||
| 245 | 1 | 0 |
_aবাঙালিকে কে বাঁচাবে / _cসিরাজুল ইসলাম চৌধুরী |
| 260 |
_aঢাকা : _bআহমদ পাবলিশিং হাউস, _c১৯৯১ |
||
| 300 |
_a১২৮ পৃ. ; _c১৯ সেমি. |
||
| 650 |
_aবাংলা সাহিত্য _xইতিহাস ও সমালোচনা _9148386 |
||
| 650 |
_aBengali Literature _xHistory and Criticism _9148387 |
||
| 942 |
_2ddc _cBK |
||
| 999 |
_c49432 _d49432 |
||